Grundlagen der Analysis : (das Rechnen mit ganzen, rationalen, irrationalen, komplexen Zahlen) : Ergänzung zu den Lehrbüchern der Differential- und Integralrechnung /

Guardado en:
Autor Principal: Landau, Edmund, 1877-1938.
Otros Autores: Steinhardt, F. (Traductor)
Formato: Libro
Idioma:German
English
Publicado: New York : Chelsea, 1960.
Edición:3rd ed.
Etiquetas: Agregar Etiqueta
Sin Etiquetas, Sea el primero en etiquetar este registro!
LEADER 00994nam a22002295a 4500
001 MAT.inmabb000769
008 031119s1960####nyu###########000#0#ger#d
005 20160526155532.0
245 1 0 |a Grundlagen der Analysis :  |b (das Rechnen mit ganzen, rationalen, irrationalen, komplexen Zahlen) : Ergänzung zu den Lehrbüchern der Differential- und Integralrechnung /  |c von Edmund Landau. 
250 |a 3rd ed. 
260 |a New York :  |b Chelsea,  |c 1960. 
300 |a 173 p. ;  |c 21 cm. 
546 |a Texto en alemán; prefacios también en inglés, traducidos por F. Steinhardt. 
500 |a Apéndice: German-English vocabulary, p. [159]-173. 
500 |a "The student who wishes to learn mathematical German will find [this work] ideally suited to his needs"--Publisher's preface. 
510 4 |a MR,  |c 22 #661 
100 1 |a Landau, Edmund,  |d 1877-1938. 
700 1 |a Steinhardt, F.  |4 trl 
084 |a 03B30  |2 msc2000 
010 |a  60007485  
041 1 |a ger  |a eng 
859 |h 03  |i L253-3  |p A-575  |b BIB. MATEMATICA